<The> steady state price analysis of two stage supply chain

Salvato in:
Dettagli Bibliografici
Autore principale: Brezina, Ivan, 1963-
Altri autori: Pekár, Juraj, 1972-, Reiff, Marian, 1978-
Natura: Capitolo di libro
Lingua:inglese
Tags: Aggiungi Tag
Nessun Tag, puoi essere il primo ad aggiungerne!!

MARC

LEADER 00000naa$a2200000$$$4500
001 0180486
005 20240502083424.5
041 0 |a eng 
044 |a RS 
245 1 0 |a <The> steady state price analysis of two stage supply chain  |c Ivan Brezina, Juraj Pekár, Marian Reiff 
100 1 |a Brezina, Ivan, 1963- 
700 1 |a Pekár, Juraj, 1972- 
700 1 |a Reiff, Marian, 1978-